000 01449cab a2200241 4500
001 ##L131524
008 051111n2005 000 0 eng u
035 _a(Sirsi) u131524
041 0 _aeng
110 2 _aNational Federation of Builders
_94086
245 0 0 _aNFB launches new voice for housebuilders
260 _c2005
490 0 _aNFB Press Release
520 _aThe National Federation of Builders has launched a new lobby group, the Housebuilders Association (HBA) to represent the interests of small and medium-sized housebuilders. The main purpose of the HBA is to challenge the regulatory, financial and planning regimes envisaged by the government for the sector, and promote the industry's SME agenda. Its initial campaign will call upon the government to delay the implementation of Part L of the Building Regulations.
590 _aIKA221105
650 2 4 _aBUILDING REGULATIONS 2000 APPROVED DOCUMENT L1A (2005 INTERIM EDITION)
650 2 4 _aBUILDING REGULATIONS 2000 APPROVED DOCUMENT L1B (2005 INTERIM EDITION)
650 2 4 _aBUILDING REGULATIONS 2000 APPROVED DOCUMENT L2A (2005 INTERIM EDITION)
650 2 4 _aBUILDING REGULATIONS 2000 APPROVED DOCUMENT L2B (2005 INTERIM EDITION)
690 _aPROPERTY-RESIDENTIAL PROPERTY-DOMESTIC RESIDENTIAL PROPERTY-HOUSING
856 4 0 _uhttps://www.builders.org.uk/sources/4000606/4001938/4034306/07112005.htm
_zView the item free of charge at www.builders.org.uk...
942 _n0
999 _c76136
_d76136